[Event "Moscow op-B 04th"]
[Site "Moscow"]
[Date "2008.02.05"]
[Round "4"]
[White "Kavalenia, Leonid"]
[Black "Marchenko, Alexander"]
[Result "1-0"]
[WhiteElo "2283"]
[BlackElo "2125"]
[PlyCount "91"]
[EventDate "2008.02.02"]
[EventType "swiss"]
[EventRounds "9"]
[EventCountry "RUS"]
[SourceTitle "CBM 122 Extra"]
[Source "ChessBase"]
[SourceDate "2008.03.04"]
[SourceVersion "1"]
[SourceVersionDate "2008.03.04"]
[SourceQuality "1"]

1. d4 d5 2. c4 e6 3. Nc3 c6 4. Nf3 Nd7 5. cxd5 exd5 6. Bf4 Ngf6 7. e3 Be7 8. h3 Ne4 9. Nxe4 dxe4 10. Nd2 f5 11. f3 exf3 12. Qxf3 0-0 13. Bc4+ Kh8 14. 0-0 Nb6 15. Bb3 Bd6 16. Bxd6 Qxd6 17. Ne4 Qd8 18. Nc5 Nd5 19. Nd3 Be6 20. Ne5 Kg8 21. Rae1 Qh4 22. Nd3 Rad8 23. Nc5 Bc8 24. Bxd5+ Rxd5 25. Nd3 Rdd8 26. Nf4 Qf6 27. Rc1 Be6 28. Rc5 Bf7 29. b3 h6 30. Kh2 g6 31. Qg3 Kh7 32. Re5 Rde8 33. Nd3 Rxe5 34. Nxe5 Be6 35. e4 Rd8 36. d5 cxd5 37. Rc1 f4 38. Rc7+ Rd7 39. Qc3 Rg7 40. exd5 Bxd5 41. Rc5 Bg8 42. Qf3 Re7 43. Ng4 Qd6 44. Rc8 Bd5 45. Qxd5 Qxd5 46. Nf6+ 1-0

[Event "Moscow op-B 04th"]
[Site "Moscow"]
[Date "2008.02.03"]
[Round "2"]
[White "Leonov, Dmitry"]
[Black "Marchenko, Alexander"]
[Result "0-1"]
[WhiteElo "2201"]
[BlackElo "2125"]
[PlyCount "146"]
[EventDate "2008.02.02"]
[EventType "swiss"]
[EventRounds "9"]
[EventCountry "RUS"]
[SourceTitle "CBM 122 Extra"]
[Source "ChessBase"]
[SourceDate "2008.03.04"]
[SourceVersion "1"]
[SourceVersionDate "2008.03.04"]
[SourceQuality "1"]

1. d4 d5 2. Bg5 Nd7 3. Nc3 Ngf6 4. f3 h6 5. Bh4 e6 6. Qd2 c5 7. e3 cxd4 8. exd4 Be7 9. Bd3 0-0 10. g4 e5 11. Nge2 e4 12. fxe4 Nxe4 13. Bxe7 Qxe7 14. Qf4 Qh4+ 15. Ng3 Nxg3 16. Qxg3 Re8+ 17. Be2 Qxg3+ 18. hxg3 Nf6 19. 0-0-0 Bxg4 20. Bxg4 Nxg4 21. Nxd5 Rad8 22. Rh4 Nf2 23. Rf1 Ne4 24. Re1 Nxg3 25. Rxe8+ Rxe8 26. Nf6+ gxf6 27. Rg4+ Kh7 28. Rxg3 h5 29. Kd2 Kh6 30. d5 h4 31. Re3 Rh8 32. Ke2 Kg5 33. d6 h3 34. d7 h2 35. d8Q Rxd8 36. Rh3 Kg4 37. Rxh2 f5 38. Rg2+ Kf4 39. Rg7 Rd7 40. Rg8 Re7+ 41. Kf2 f6 42. Rc8 Kg4 43. Rg8+ Kf4 44. Rc8 Rh7 45. Rc4+ Ke5 46. a4 Kd5 47. b3 Kd6 48. Rd4+ Kc5 49. c3 Rh2+ 50. Kg3 Rb2 51. b4+ Kc6 52. Kf4 Rf2+ 53. Ke3 Rf1 54. Ke2 Rg1 55. Rf4 Rg5 56. Kd3 Kd5 57. Rc4 Rg4 58. Rc8 a5 59. bxa5 Rxa4 60. Rf8 Rxa5 61. Rxf6 Ke5 62. Rf7 Rb5 63. Ke3 Rb1 64. Re7+ Kd5 65. Rd7+ Ke6 66. Rd8 b5 67. Re8+ Kf7 68. Rd8 Ke7 69. Rd5 Ke6 70. Rd8 Rb3 71. Kd4 Ke7 72. Rd5 Kf6 73. Rd8 Kg5 0-1